[Event "Druga liga Srbije grupa Vojvodina 2011"]
[Site "Vrbas"]
[Date "2011.09.29"]
[Round "7.1"]
[White "Ratkovic, Milovan"]
[Black "Petakov, Uros"]
[Result "1/2-1/2"]
[WhiteElo "2177"]
[BlackElo "2352"]
[PlyCount "21"]
[EventDate "2011.09.25"]

1. d4 Nf6 2. Nf3 b5 3. e3 a6 4. a4 b4 5. Bd3 Bb7 6. O-O e6 7. c4 Be7 8. Nbd2
O-O 9. e4 d6 10. Qe2 Nbd7 11. e5 1/2-1/2

[Event "Druga liga Srbije grupa Vojvodina 2011"]
[Site "Vrbas"]
[Date "2011.09.29"]
[Round "7.1"]
[White "Miljkovic, Bojan"]
[Black "Ratkovic, Miloje"]
[Result "1-0"]
[WhiteElo "2207"]
[BlackElo "2135"]
[PlyCount "73"]
[EventDate "2011.09.25"]

1. e4 c6 2. d4 d5 3. Nc3 dxe4 4. Nxe4 Bf5 5. Ng3 Bg6 6. h4 h6 7. Nf3 Nf6 8. h5
Bh7 9. Bd3 Bxd3 10. Qxd3 e6 11. Bd2 c5 12. Ne4 cxd4 13. Nxd4 Nc6 14. Nxf6+ gxf6
15. Bc3 Nxd4 16. Qxd4 Qxd4 17. Bxd4 Rg8 18. b3 Rc8 19. c3 e5 20. Bxa7 b6 21. a4
Bc5 22. b4 Be7 23. Bxb6 Rxc3 24. b5 Kd7 25. Be3 e4 26. a5 Bd6 27. Rd1 Ke6 28.
a6 Rb3 29. b6 Ra8 30. Ra1 Be5 31. Ra2 Rxa6 32. Rxa6 Rb1+ 33. Ke2 Rxh1 34. b7+
Ke7 35. Rb6 Bb8 36. Bf4 Ba7 37. Ra6 1-0

[Event "Druga liga Srbije grupa Vojvodina 2011"]
[Site "Vrbas"]
[Date "2011.09.29"]
[Round "7.1"]
[White "Bucan, Vladimir"]
[Black "Stanojevic, Branko"]
[Result "1/2-1/2"]
[WhiteElo "2104"]
[BlackElo "2282"]
[PlyCount "79"]
[EventDate "2011.09.25"]

1. d4 Nf6 2. Nf3 g6 3. e3 Bg7 4. b3 O-O 5. Bb2 c5 6. Nbd2 Qa5 7. Bd3 cxd4 8.
exd4 Nd5 9. O-O Nf4 10. Nc4 Qc7 11. Ne3 b6 12. Be4 Bb7 13. Bxb7 Qxb7 14. c4 Nc6
15. Rb1 d6 16. d5 Ne5 17. Nxe5 dxe5 18. g3 Nh3+ 19. Kg2 Ng5 20. f4 exf4 21.
Bxg7 Kxg7 22. Qd4+ f6 23. gxf4 Ne6 24. Qe4 Nc5 25. Qf3 f5 26. Nc2 e6 27. Nd4
exd5 28. b4 Ne4 29. Ne6+ Kf6 30. Nxf8 dxc4 31. Nxh7+ Qxh7 32. Qe3 Rd8 33. Rbd1
Qc7 34. Rxd8 Qxd8 35. Rc1 b5 36. a4 a6 37. axb5 axb5 38. Ra1 c3 39. Ra6+ Kg7
40. Rc6 1/2-1/2

[Event "Druga liga Srbije grupa Vojvodina 2011"]
[Site "Vrbas"]
[Date "2011.09.29"]
[Round "7.1"]
[White "Kovacevic, Dragan"]
[Black "Petrovic, Lazar"]
[Result "1/2-1/2"]
[WhiteElo "2236"]
[BlackElo "2113"]
[PlyCount "80"]
[EventDate "2011.09.25"]

1. e4 c5 2. Nf3 d6 3. Bb5+ Bd7 4. Bxd7+ Nxd7 5. O-O Ngf6 6. Re1 e6 7. d3 Be7 8.
Nbd2 O-O 9. Nf1 Qc7 10. Bg5 Rfe8 11. b3 b5 12. c4 a6 13. Rc1 Qb7 14. h3 b4 15.
N3h2 a5 16. f4 a4 17. Qf3 axb3 18. axb3 h6 19. Bh4 Ra2 20. g4 Nd5 21. Bxe7 Nxe7
22. Ne3 Nc6 23. Qd1 Nd4 24. Nf3 Rea8 25. h4 Rb2 26. g5 Raa2 27. gxh6 gxh6 28.
Nxd4 cxd4 29. Nc2 Kh7 30. Re2 Nc5 31. Rg2 Qe7 32. Qg4 Qf8 33. f5 Nxd3 34. fxe6
fxe6 35. Rf1 Qxf1+ 36. Kxf1 Rb1+ 37. Ke2 Nf4+ 38. Kd2 Nxg2 39. Qxe6 Rf1 40.
Qd7+ Kh8 1/2-1/2

[Event "Druga liga Srbije grupa Vojvodina 2011"]
[Site "Vrbas"]
[Date "2011.09.29"]
[Round "7.1"]
[White "Zivkovic, Negosim"]
[Black "Skoko, Milan"]
[Result "1-0"]
[WhiteElo "2248"]
[BlackElo "2218"]
[PlyCount "107"]
[EventDate "2011.09.25"]

1. e4 c5 2. Nf3 Nc6 3. Nc3 e5 4. Bc4 Be7 5. O-O Nf6 6. a3 O-O 7. d3 d6 8. h3
Be6 9. Ba2 Qd7 10. Bg5 Rab8 11. Bxf6 Bxf6 12. Nd5 Bd8 13. Qd2 Ne7 14. Nxe7+
Qxe7 15. Bxe6 fxe6 16. c3 Rf4 17. Rae1 Bc7 18. Nh2 Rbf8 19. Re3 Qe8 20. Rf3 d5
21. Rxf4 Rxf4 22. f3 h5 23. Re1 Qd8 24. Nf1 d4 25. c4 a6 26. Rc1 Rf7 27. Qd1
Qd7 28. Ng3 g6 29. Nf1 Bd8 30. Qd2 Kg7 31. b3 Be7 32. Qa5 Qd6 33. b4 cxb4 34.
c5 Bd8 35. Qxb4 Qc6 36. Nd2 Bg5 37. Rc4 Bxd2 38. Qxd2 Qb5 39. Qg5 Qb1+ 40. Kh2
Qxd3 41. Qxe5+ Kh7 42. Rxd4 Qxa3 43. Qxe6 Rg7 44. Qc8 Qc3 45. Rd5 a5 46. f4 Qe3
47. Qb8 Rf7 48. f5 gxf5 49. exf5 h4 50. Rd8 Qc3 51. Qf4 Qf6 52. Rd6 Qxf5 53.
Qh6+ Kg8 54. Rg6+ 1-0

[Event "Druga liga Srbije grupa Vojvodina 2011"]
[Site "Vrbas"]
[Date "2011.09.29"]
[Round "7.2"]
[White "Markovic, Milovan"]
[Black "Galyas, Miklos"]
[Result "0-1"]
[WhiteElo "2248"]
[BlackElo "2458"]
[PlyCount "68"]
[EventDate "2011.09.25"]

1. e4 e6 2. Nf3 d5 3. Nc3 Nf6 4. e5 Nfd7 5. d4 c5 6. Bb5 Nc6 7. dxc5 Bxc5 8.
O-O a6 9. Bxc6 bxc6 10. Ne2 O-O 11. Nf4 Be7 12. Re1 c5 13. c3 a5 14. Qc2 Bb7
15. Qe2 Ra6 16. Bd2 Rb6 17. b3 Ba6 18. c4 Rb8 19. Rec1 a4 20. Qe1 d4 21. Ba5
Qc8 22. bxa4 Bb7 23. Nd3 Ra8 24. Rab1 Ra6 25. Nb2 Qa8 26. Bd2 Be4 27. a5 Bd8
28. Ra1 Bxf3 29. gxf3 Qxf3 30. Na4 Bc7 31. Rab1 Nxe5 32. Nxc5 Qc6 33. Rb3 d3
34. Rxd3 Qxc5 0-1

[Event "Druga liga Srbije grupa Vojvodina 2011"]
[Site "Vrbas"]
[Date "2011.09.29"]
[Round "7.2"]
[White "Vlahovic, Bogdan"]
[Black "Pezelj, Novak"]
[Result "1/2-1/2"]
[WhiteElo "2356"]
[BlackElo "2373"]
[PlyCount "25"]
[EventDate "2011.09.25"]

1. Nf3 Nf6 2. c4 e6 3. g3 Be7 4. Bg2 O-O 5. O-O d5 6. d4 dxc4 7. Qa4 a6 8. Qxc4
b5 9. Qc2 Bb7 10. Nbd2 Nbd7 11. Ne5 Bxg2 12. Kxg2 Nxe5 13. dxe5 1/2-1/2

[Event "Druga liga Srbije grupa Vojvodina 2011"]
[Site "Vrbas"]
[Date "2011.09.29"]
[Round "7.2"]
[White "Vujacic, Borivoje"]
[Black "Sekulic, Dusan"]
[Result "1-0"]
[WhiteElo "2299"]
[BlackElo "2302"]
[PlyCount "117"]
[EventDate "2011.09.25"]

1. e4 e5 2. Nf3 Nc6 3. Bb5 f5 4. Bxc6 dxc6 5. Nc3 Nf6 6. Qe2 fxe4 7. Nxe4 Bg4
8. d3 Bb4+ 9. Bd2 Bxf3 10. Qxf3 Bxd2+ 11. Nxd2 O-O 12. O-O Qd4 13. c3 Qh4 14.
g3 Qa4 15. Qd1 Qa6 16. Qb3+ Kh8 17. Nc4 Rae8 18. Rae1 e4 19. d4 c5 20. dxc5 Ng4
21. h3 Ne5 22. Nxe5 Rxe5 23. Re3 Ref5 24. Qc2 Qxa2 25. Qxe4 Qf7 26. Re2 c6 27.
b4 Rf3 28. Qe5 Qc4 29. Re3 R3f7 30. Qe6 Qxe6 31. Rxe6 h6 32. Kg2 Rd8 33. Rfe1
Rd2 34. R1e2 Rd3 35. R6e3 Rdd7 36. h4 Kh7 37. h5 Rd5 38. g4 g6 39. Re7 Rd7 40.
Rxf7+ Rxf7 41. hxg6+ Kxg6 42. Re6+ Kg7 43. Kg3 Rd7 44. Kf4 a5 45. bxa5 Rd5 46.
Re5 Rd2 47. Ke3 Rc2 48. Re7+ Kf6 49. Rxb7 Rxc3+ 50. Kd4 Ra3 51. Rb6 Ra4+ 52.
Ke3 Ra3+ 53. Kf4 Ra4+ 54. Kg3 Kg5 55. f3 h5 56. gxh5 Rxa5 57. Rxc6 Kxh5 58. Kf4
Ra1 59. Re6 1-0

[Event "Druga liga Srbije grupa Vojvodina 2011"]
[Site "Vrbas"]
[Date "2011.09.29"]
[Round "7.2"]
[White "Lalic, Dragan"]
[Black "Milojevic, Dusan"]
[Result "1-0"]
[WhiteElo "2308"]
[BlackElo "2186"]
[PlyCount "84"]
[EventDate "2011.09.25"]

1. Nf3 Nf6 2. g3 g6 3. Bg2 Bg7 4. c4 O-O 5. O-O c5 6. Nc3 Nc6 7. d4 d6 8. d5
Na5 9. Nd2 e5 10. a3 b6 11. b4 Nb7 12. Bb2 Ne8 13. e4 f5 14. exf5 gxf5 15. Qc2
Nf6 16. Rae1 Bd7 17. f4 e4 18. Nd1 cxb4 19. axb4 a5 20. bxa5 bxa5 21. Bd4 Nc5
22. Nf2 a4 23. g4 e3 24. Bxe3 Nxg4 25. Nxg4 fxg4 26. Bxc5 dxc5 27. d6 Bd4+ 28.
Kh1 a3 29. Nb3 Bf5 30. Bd5+ Kh8 31. Qg2 Rc8 32. Nxd4 cxd4 33. Qd2 Qxd6 34.
Qxd4+ Qf6 35. Qa7 Qb2 36. Rf2 Qc3 37. Re3 Bd3 38. Kg2 Rce8 39. Rxe8 Rxe8 40.
Qf7 Rd8 41. Qe7 Rb8 42. f5 Bxc4 1-0

[Event "Druga liga Srbije grupa Vojvodina 2011"]
[Site "Vrbas"]
[Date "2011.09.29"]
[Round "7.2"]
[White "Pezelj, Sinisa"]
[Black "Sevo, Dusan"]
[Result "1/2-1/2"]
[WhiteElo "2146"]
[BlackElo "2268"]
[PlyCount "78"]
[EventDate "2011.09.25"]

1. c4 g6 2. Nf3 Bg7 3. d4 d6 4. g3 Nf6 5. Bg2 O-O 6. O-O Nc6 7. Nc3 Bg4 8. h3
Bxf3 9. Bxf3 Nd7 10. e3 e5 11. d5 Ne7 12. Bd2 a5 13. Rb1 Nc5 14. Na4 b6 15. a3
Qd7 16. Nxc5 bxc5 17. b4 axb4 18. axb4 cxb4 19. Rxb4 Rfb8 20. Kh2 Qc8 21. Qb3
Rxb4 22. Qxb4 Rb8 23. Qa4 Rb6 24. e4 Ra6 25. Qb3 Rb6 26. Qa4 Ra6 27. Qc2 Qa8
28. Rb1 Nc8 29. c5 Ra2 30. Rb2 Rxb2 31. Qxb2 dxc5 32. Qb5 Bf8 33. Be3 Nb6 34.
Bxc5 Qa4 35. Qxa4 Nxa4 36. Be3 Bc5 37. Bg5 Bxf2 38. Bd8 Bb6 39. Bf6 Bd4 1/2-1/2

[Event "Druga liga Srbije grupa Vojvodina 2011"]
[Site "Vrbas"]
[Date "2011.09.29"]
[Round "7.3"]
[White "Radlovacki, Jovan"]
[Black "Rajic, Dobrivoje"]
[Result "1-0"]
[WhiteElo "2432"]
[BlackElo "2120"]
[PlyCount "85"]
[EventDate "2011.09.25"]

1. e4 e5 2. Bc4 Nc6 3. d3 Bc5 4. Nc3 d6 5. Na4 Na5 6. Bb5+ Bd7 7. Bxd7+ Qxd7 8.
c3 Nc6 9. Nf3 f6 10. O-O Nge7 11. d4 Bb6 12. a3 Ng6 13. d5 Nce7 14. b4 O-O 15.
c4 c6 16. c5 Bc7 17. dxc6 Qxc6 18. Be3 b5 19. Nc3 dxc5 20. bxc5 Kh8 21. Qb3
Rab8 22. Rfd1 f5 23. exf5 Rxf5 24. Ng5 h6 25. Nge4 Nh4 26. Nd5 Qg6 27. Ng3 Nxd5
28. Qxd5 Rf6 29. Qe4 Nf5 30. Nxf5 Qxf5 31. Qxf5 Rxf5 32. Rd7 Rc8 33. Rb1 a6 34.
a4 Kg8 35. axb5 axb5 36. Rxb5 Rf7 37. Rd5 Ra8 38. g3 Ra2 39. Rb7 Rc2 40. Rd1
Ba5 41. Rb3 Bc3 42. Rc1 Rfxf2 43. Rxc3 1-0

[Event "Druga liga Srbije grupa Vojvodina 2011"]
[Site "Vrbas"]
[Date "2011.09.29"]
[Round "7.3"]
[White "Nadj, Vladimir"]
[Black "Popovic, Milos T"]
[Result "0-1"]
[WhiteElo "2156"]
[BlackElo "2390"]
[PlyCount "56"]
[EventDate "2011.09.25"]

1. e4 c5 2. Nf3 Nc6 3. d4 cxd4 4. Nxd4 g6 5. Nc3 Bg7 6. Be3 Nf6 7. Be2 O-O 8.
O-O d5 9. exd5 Nxd5 10. Nxd5 Qxd5 11. Bf3 Qc4 12. Nxc6 bxc6 13. c3 Rb8 14. b3
Qxc3 15. Rc1 Qa5 16. Bxc6 Qxa2 17. Ba4 Bf5 18. Bxa7 Rbd8 19. Qe1 Bd3 20. Bb6
Rd6 21. Bc5 Re6 22. Qb4 Bxf1 23. Rxf1 Bf6 24. Bd7 Re2 25. Bb5 Rb8 26. Qc4 Rc2
27. Qb4 Rxc5 28. Qxc5 Qa5 0-1

[Event "Druga liga Srbije grupa Vojvodina 2011"]
[Site "Vrbas"]
[Date "2011.09.29"]
[Round "7.3"]
[White "Rogac, Srdjan"]
[Black "Zolotic, Zoran"]
[Result "1-0"]
[WhiteElo "2299"]
[BlackElo "2238"]
[PlyCount "87"]
[EventDate "2011.09.25"]

1. e4 g6 2. d4 Bg7 3. Nc3 d6 4. Nf3 Nf6 5. Be2 O-O 6. O-O c6 7. a4 Qc7 8. d5
Bg4 9. Be3 Nbd7 10. Nd4 Bxe2 11. Qxe2 Nc5 12. f3 Rfe8 13. Rad1 Rac8 14. b4 Ncd7
15. dxc6 bxc6 16. g4 Rb8 17. b5 cxb5 18. Ndxb5 Qa5 19. Bxa7 Rbc8 20. Bd4 e5 21.
Be3 Rxc3 22. Qe1 Rec8 23. Rd3 Rxd3 24. Qxa5 Rxe3 25. Rf2 Bh6 26. Nxd6 Rb8 27.
Nb5 Bf8 28. Kg2 Bc5 29. h4 Bb6 30. Qd2 Rd8 31. a5 Bc5 32. a6 Ra8 33. a7 Nf8 34.
Kf1 Ne6 35. Qa5 Kg7 36. Qa6 Nf4 37. Qa5 h6 38. Qc7 Bxa7 39. Nxa7 Ra3 40. Qxe5
R8xa7 41. Qxf4 Ra1+ 42. Kg2 R7a5 43. Qd2 Rb5 44. g5 1-0

[Event "Druga liga Srbije grupa Vojvodina 2011"]
[Site "Vrbas"]
[Date "2011.09.29"]
[Round "7.3"]
[White "Radanovic, Borislav"]
[Black "Jovic, Stevan"]
[Result "1/2-1/2"]
[WhiteElo "2238"]
[BlackElo "2292"]
[PlyCount "72"]
[EventDate "2011.09.25"]

1. e4 c6 2. d3 d5 3. Nd2 Nf6 4. Ngf3 Bg4 5. h3 Bh5 6. g3 dxe4 7. dxe4 Nxe4 8.
Bg2 Nxd2 9. Bxd2 e6 10. Bc3 Qxd1+ 11. Rxd1 Nd7 12. O-O O-O-O 13. Rfe1 Nf6 14.
Rxd8+ Kxd8 15. Bd4 Kc7 16. c4 Bb4 17. Rc1 Rd8 18. g4 Bg6 19. g5 Nh5 20. c5 Kc8
21. Rc4 Ba5 22. Ra4 Bc7 23. Rxa7 Kb8 24. Ra4 Nf4 25. Be5 Nxg2 26. Kxg2 Bxe5 27.
Nxe5 Rd5 28. f4 f6 29. Nxg6 hxg6 30. gxf6 gxf6 31. Re4 e5 32. fxe5 f5 33. Re3
Kc7 34. e6 Kd8 35. Rb3 Kc7 36. Re3 Kd8 1/2-1/2

[Event "Druga liga Srbije grupa Vojvodina 2011"]
[Site "Vrbas"]
[Date "2011.09.29"]
[Round "7.4"]
[White "Roganovic, Milos"]
[Black "Somborski, Nebojsa"]
[Result "1-0"]
[WhiteElo "2480"]
[BlackElo "2355"]
[PlyCount "87"]
[EventDate "2011.09.25"]

1. e4 e5 2. Nf3 Nc6 3. Bb5 a6 4. Ba4 Nf6 5. O-O Be7 6. Re1 b5 7. Bb3 d6 8. c3
O-O 9. d3 Na5 10. Bc2 c5 11. Nbd2 Re8 12. Nf1 Bf8 13. h3 h6 14. Ne3 Nc6 15. a4
Be6 16. Bb3 c4 17. Bc2 Na5 18. axb5 axb5 19. d4 Nb3 20. Rxa8 Qxa8 21. d5 Bd7
22. Bxb3 cxb3 23. Nd2 Qa4 24. f3 Nh5 25. Qxb3 Qa7 26. Ndf1 Nf4 27. Kh2 h5 28.
Qc2 g6 29. Nd1 b4 30. Be3 Qa6 31. c4 Ra8 32. Nf2 h4 33. Nd2 Be7 34. Bxf4 exf4
35. Nd3 Qb6 36. e5 Bf5 37. exd6 Bxd6 38. Ne4 Rc8 39. b3 Bc5 40. Ndxc5 Qxc5 41.
Nf6+ Kg7 42. Qb2 Kh6 43. Ne8 Qf8 44. Qe5 1-0

[Event "Druga liga Srbije grupa Vojvodina 2011"]
[Site "Vrbas"]
[Date "2011.09.29"]
[Round "7.4"]
[White "Vukic, Radivoj"]
[Black "Sipos, Istvan"]
[Result "0-1"]
[WhiteElo "2336"]
[BlackElo "2452"]
[PlyCount "94"]
[EventDate "2011.09.25"]

1. d4 Nf6 2. c4 g6 3. Nc3 Bg7 4. e4 d6 5. Nf3 O-O 6. Be2 e5 7. O-O exd4 8. Nxd4
Re8 9. f3 c6 10. Kh1 Nbd7 11. Nc2 Qe7 12. Bf4 Ne5 13. Qd2 Be6 14. b3 Rad8 15.
Rad1 Qf8 16. g4 a6 17. Nd4 Bc8 18. Bg5 h6 19. Bh4 b5 20. cxb5 axb5 21. Nxc6
Nxc6 22. Bxb5 Bb7 23. Nd5 g5 24. Bg3 Nxd5 25. exd5 Nd4 26. Bxe8 Qxe8 27. Qb4
Qb5 28. Qxb5 Nxb5 29. Rd3 Nc3 30. a4 Ba6 31. Rxc3 Bxc3 32. Rc1 Be5 33. b4 Bb7
34. Rc6 Bxc6 35. dxc6 Bc3 36. b5 Ba5 37. Kg2 Kf8 38. f4 Ke7 39. f5 Ra8 40. Bf2
Bc7 41. b6 Bxb6 42. Bxb6 Rxa4 43. Kf3 Rf4+ 44. Kg3 Rb4 45. f6+ Kxf6 46. Bc5 Rc4
47. Bxd6 Rxc6 0-1

[Event "Druga liga Srbije grupa Vojvodina 2011"]
[Site "Vrbas"]
[Date "2011.09.29"]
[Round "7.4"]
[White "Dekic, Josip"]
[Black "Remecki, Sinisa"]
[Result "1-0"]
[WhiteElo "2306"]
[BlackElo "2229"]
[PlyCount "73"]
[EventDate "2011.09.25"]

1. e4 c5 2. Nf3 d6 3. d4 cxd4 4. Nxd4 Nf6 5. Nc3 g6 6. Be3 Bg7 7. f3 Nc6 8. Qd2
d5 9. Bb5 Bd7 10. exd5 Nxd4 11. Bxd7+ Qxd7 12. Bxd4 O-O 13. O-O-O b5 14. Bc5
Rfc8 15. Be3 b4 16. Ne4 Qa4 17. Nxf6+ Bxf6 18. Kb1 Rc4 19. b3 Qa3 20. Qc1 Qxc1+
21. Bxc1 Rc7 22. d6 exd6 23. Rxd6 Be5 24. Rd5 Bf6 25. Bb2 Bxb2 26. Kxb2 Rac8
27. Rc1 Rc5 28. Rxc5 Rxc5 29. c3 bxc3+ 30. Rxc3 Re5 31. b4 a5 32. a3 Kf8 33.
Kb3 axb4 34. axb4 Ke7 35. Rc2 Kd7 36. Ka4 Re1 37. Ka5 1-0

[Event "Druga liga Srbije grupa Vojvodina 2011"]
[Site "Vrbas"]
[Date "2011.09.29"]
[Round "7.4"]
[White "Milovic, Nikola"]
[Black "Strangar, Zlatko"]
[Result "0-1"]
[WhiteElo "1967"]
[BlackElo "2203"]
[PlyCount "66"]
[EventDate "2011.09.25"]

1. Nf3 Nf6 2. c4 g6 3. Nc3 Bg7 4. e4 d6 5. d4 O-O 6. Be2 Nbd7 7. O-O e5 8. Be3
Re8 9. d5 Nh5 10. Re1 Bf8 11. b4 Be7 12. Nd2 Ng7 13. Nb3 Bg5 14. Qd2 Bxe3 15.
Qxe3 f5 16. f3 h5 17. Qf2 h4 18. c5 Nf8 19. Rac1 Re7 20. a4 g5 21. Nd2 Ne8 22.
Nc4 Rg7 23. cxd6 cxd6 24. Nb5 g4 25. Nxa7 g3 26. hxg3 hxg3 27. Qe3 Rxa7 28.
Qxa7 Qh4 29. Qe3 Ng6 30. Kf1 Nf4 31. Qg1 Nxg2 32. Ne3 Nxe3+ 33. Qxe3 Qh1+ 0-1

[Event "Druga liga Srbije grupa Vojvodina 2011"]
[Site "Vrbas"]
[Date "2011.09.29"]
[Round "7.4"]
[White "Ivanovic, Miroslav"]
[Black "Besedes, Danilo"]
[Result "1-0"]
[WhiteElo "2177"]
[BlackElo "1801"]
[PlyCount "59"]
[EventDate "2011.09.25"]

1. c4 Nf6 2. Nc3 e5 3. Nf3 Nc6 4. a3 d5 5. cxd5 Nxd5 6. Qc2 Be6 7. e3 Be7 8.
Bd3 Qd7 9. Bb5 f6 10. O-O O-O 11. d4 Bd6 12. Nxd5 Bxd5 13. e4 Bf7 14. d5 Nb4
15. Qa4 c6 16. dxc6 Nxc6 17. Rd1 Rfc8 18. Be3 Qe7 19. Rac1 Be8 20. Rd2 a6 21.
Bc4+ Kh8 22. Qd1 Bc7 23. b4 Rd8 24. Bd5 Bd6 25. Bb6 Rd7 26. Rxc6 bxc6 27. Bxc6
Rc8 28. Bxd7 Bxd7 29. Bc5 Bxc5 30. Rxd7 1-0

[Event "Druga liga Srbije grupa Vojvodina 2011"]
[Site "Vrbas"]
[Date "2011.09.29"]
[Round "7.4"]
[White "Sukovic, Srdjan"]
[Black "Roganovic, Nebojsa"]
[Result "1/2-1/2"]
[WhiteElo "1972"]
[BlackElo "2194"]
[PlyCount "71"]
[EventDate "2011.09.25"]

1. e4 d5 2. exd5 Nf6 3. Nf3 Nxd5 4. d4 g6 5. Bc4 Bg7 6. O-O O-O 7. c3 a6 8. a4
Nc6 9. Bg5 Nb6 10. Ba2 Qd6 11. Re1 e5 12. dxe5 Qxd1 13. Rxd1 Nxe5 14. Nxe5 Bxe5
15. a5 Nd7 16. Nd2 Kg7 17. Nc4 Bf6 18. Bf4 b5 19. axb6 cxb6 20. Nd6 Nc5 21.
Nxc8 Raxc8 22. Rd6 b5 23. Be3 Na4 24. Rb1 Rfd8 25. Rxd8 Rxd8 26. g3 Rb8 27. Bb3
Nb6 28. Ra1 Na4 29. Bxa4 bxa4 30. Rxa4 Rxb2 31. Rxa6 Bxc3 32. Rc6 Bf6 33. Kg2
Ra2 34. Bh6+ Kxh6 35. Rxf6 Kg7 36. Rd6 1/2-1/2

[Event "Druga liga Srbije grupa Vojvodina 2011"]
[Site "Vrbas"]
[Date "2011.09.29"]
[Round "7.5"]
[White "Dvornic, Mladen"]
[Black "Luketa, Milan"]
[Result "1-0"]
[WhiteElo "2306"]
[BlackElo "2121"]
[PlyCount "75"]
[EventDate "2011.09.25"]

1. d4 d5 2. c4 e6 3. Nc3 Nf6 4. Bg5 Be7 5. Nf3 O-O 6. e3 Nbd7 7. Qc2 c6 8. cxd5
exd5 9. Bd3 h6 10. Bh4 Re8 11. O-O Nf8 12. Rab1 Ng4 13. Bxe7 Rxe7 14. b4 a6 15.
a4 Bd7 16. b5 axb5 17. axb5 Be8 18. bxc6 bxc6 19. h3 Nf6 20. Rfc1 Ne6 21. Na4
Rea7 22. Nc5 Nxc5 23. Qxc5 Ra3 24. Rc3 R3a5 25. Qb6 Qe7 26. Ne5 Ra1 27. Rcc1
R1a3 28. Nxc6 Bxc6 29. Qxc6 Rf8 30. Rb7 Qd8 31. Bf5 Ra2 32. Qc7 Qa8 33. Bg6 Qe8
34. Bb1 Ra6 35. Qe7 Qxe7 36. Rxe7 Ra1 37. Bh7+ Kxh7 38. Rxa1 1-0

[Event "Druga liga Srbije grupa Vojvodina 2011"]
[Site "Vrbas"]
[Date "2011.09.29"]
[Round "7.5"]
[White "Kracunov, Bozidar"]
[Black "Torbica, Milos"]
[Result "0-1"]
[WhiteElo "2078"]
[BlackElo "2246"]
[PlyCount "89"]
[EventDate "2011.09.25"]

1. d4 d5 2. c4 c6 3. Nc3 Nf6 4. e3 a6 5. a4 a5 6. Nf3 Na6 7. cxd5 Nxd5 8. e4
Nf6 9. h3 Nb4 10. Bc4 e6 11. O-O Be7 12. Be3 O-O 13. Qb3 b6 14. Rad1 Ba6 15.
Bxa6 Rxa6 16. Rd2 Qc7 17. Qc4 Ra7 18. Rfd1 Rc8 19. Ne1 Rb7 20. g3 h6 21. Bf4
Qd8 22. Qe2 Rd7 23. Be5 Nh7 24. Qg4 Bf6 25. Bxf6 Nxf6 26. Qf3 Qe7 27. e5 Ne8
28. Ne4 Rcd8 29. h4 f5 30. exf6 Nxf6 31. Nxf6+ Qxf6 32. Qxf6 gxf6 33. f4 e5 34.
fxe5 fxe5 35. Nf3 e4 36. Ne5 Rd5 37. Kf2 c5 38. Ke3 cxd4+ 39. Kxe4 Re8 40. Rxd4
Rdxe5+ 41. Kf3 Rf8+ 42. Kg4 h5+ 43. Kh3 Kf7 44. g4 hxg4+ 45. Kxg4 0-1

[Event "Druga liga Srbije grupa Vojvodina 2011"]
[Site "Vrbas"]
[Date "2011.09.29"]
[Round "7.5"]
[White "Farkas, Miso"]
[Black "Medar, Zeljko"]
[Result "1/2-1/2"]
[WhiteElo "2132"]
[BlackElo "2219"]
[PlyCount "135"]
[EventDate "2011.09.25"]

1. b4 d5 2. Bb2 Qd6 3. a3 e5 4. Nf3 f6 5. e3 Be6 6. Be2 Be7 7. O-O Nh6 8. d3
O-O 9. c4 c6 10. Nc3 dxc4 11. dxc4 Qxd1 12. Rfxd1 Nd7 13. Nd2 Rfd8 14. Rac1 Nb6
15. c5 Nd5 16. Nxd5 Bxd5 17. Bc4 Nf7 18. e4 Bxc4 19. Nxc4 Rxd1+ 20. Rxd1 Rd8
21. Rxd8+ Nxd8 22. Bc1 Kf7 23. g3 Ke6 24. f4 exf4 25. gxf4 f5 26. e5 g6 27. Kf2
Kd5 28. Nd6 b6 29. cxb6 axb6 30. Nc8 Bh4+ 31. Kf3 b5 32. Be3 Kc4 33. Bb6 Ne6
34. Be3 h6 35. h3 Kb3 36. Na7 Kxa3 37. Nxc6 Be1 38. Bc5 Kb3 39. Na5+ Kc3 40.
Nc6 Bd2 41. Be3 Bxe3 42. Kxe3 g5 43. fxg5 hxg5 44. Kf3 Kc4 45. Ke3 Kd5 46. Na7
Nc7 47. e6 Kxe6 48. Kd4 Kf6 49. Nc6 Ne6+ 50. Ke3 Nf4 51. Nd4 Nd5+ 52. Kf3 Nc3
53. Nc6 Ke6 54. Nd4+ Ke5 55. Nc6+ Kf6 56. Nd4 Kg6 57. Nc6 Kh5 58. Ne7 g4+ 59.
hxg4+ fxg4+ 60. Kg3 Kg5 61. Nc6 Ne4+ 62. Kg2 Kf4 63. Nd4 Nd6 64. Ne6+ Ke5 65.
Nc7 Kf5 66. Kg3 Ne4+ 67. Kg2 Nc3 68. Kg3 1/2-1/2

[Event "Druga liga Srbije grupa Vojvodina 2011"]
[Site "Vrbas"]
[Date "2011.09.29"]
[Round "7.5"]
[White "Matijevic, Radovan"]
[Black "Tomin, Nenad"]
[Result "1/2-1/2"]
[WhiteElo "2170"]
[BlackElo "1820"]
[PlyCount "106"]
[EventDate "2011.09.25"]

1. c3 c5 2. d4 cxd4 3. cxd4 d5 4. Nc3 Nc6 5. e3 g6 6. Qb3 Nf6 7. Nf3 Bg7 8. Bd2
O-O 9. Be2 b6 10. O-O Bb7 11. a3 e6 12. Qa2 Ne7 13. b4 Nf5 14. Bd3 Nd6 15. Ne5
Nd7 16. Nxd7 Qxd7 17. a4 a6 18. b5 a5 19. Rac1 Rac8 20. Rc2 Rc7 21. Rfc1 Rfc8
22. Nd1 Rxc2 23. Rxc2 Rxc2 24. Qxc2 Qc8 25. Qxc8+ Bxc8 26. Bc3 Bb7 27. f3 f5
28. Kf2 Kf7 29. Ke2 Ke7 30. Bb2 Kd7 31. Ba3 Ne8 32. f4 Nf6 33. h3 Bc8 34. Kf3
Kc7 35. g4 Bd7 36. g5 Ne8 37. Kg3 Bc8 38. h4 Bd7 39. h5 Nd6 40. Kh4 Bf8 41. Be2
Be8 42. hxg6 hxg6 43. Bxd6+ Bxd6 44. Kg3 Bb4 45. Kf3 Kd6 46. Nb2 Kc7 47. Nd3
Bd6 48. Kf2 Bf7 49. Ne1 Kd7 50. Nf3 Ke8 51. Ke1 Kf8 52. Kd2 Kg7 53. Kc2 Be8
1/2-1/2

[Event "Druga liga Srbije grupa Vojvodina 2011"]
[Site "Vrbas"]
[Date "2011.09.29"]
[Round "7.5"]
[White "Erski, Dragan"]
[Black "Topalov, Aleksandar"]
[Result "0-1"]
[WhiteElo "2167"]
[BlackElo "2254"]
[PlyCount "86"]
[EventDate "2011.09.25"]

1. e4 e6 2. d4 d5 3. Nc3 Bb4 4. e5 Qd7 5. a3 Bxc3+ 6. bxc3 b6 7. Nf3 Ne7 8. a4
Ba6 9. Bxa6 Nxa6 10. Qd3 Nb8 11. a5 Nbc6 12. axb6 cxb6 13. O-O Na5 14. Ba3 Nc4
15. Nd2 Nxd2 16. Qxd2 O-O 17. f4 f5 18. exf6 Rxf6 19. Bxe7 Qxe7 20. Qe3 Qc7 21.
Rf3 Raf8 22. Qe5 Qxe5 23. fxe5 Rxf3 24. gxf3 Rf7 25. Kf2 Rc7 26. Ra3 Kf7 27.
Ke3 Kg6 28. Kf4 Rf7+ 29. Kg3 Kf5 30. Ra4 Rc7 31. Ra3 g5 32. Ra6 h5 33. h3 h4+
34. Kf2 Kf4 35. Ra3 a5 36. Rb3 Rc6 37. Ra3 a4 38. Rxa4 Rxc3 39. Ra2 Rxf3+ 40.
Kg2 Rg3+ 41. Kh2 Rc3 42. Rb2 b5 43. Kg2 Ke4 0-1

[Event "Druga liga Srbije grupa Vojvodina 2011"]
[Site "Vrbas"]
[Date "2011.09.29"]
[Round "7.6"]
[White "Sertic, Rudolf"]
[Black "Indjic, Aleksandar"]
[Result "0-1"]
[WhiteElo "2430"]
[BlackElo "2391"]
[PlyCount "64"]
[EventDate "2011.09.25"]

1. c4 g6 2. Nc3 Bg7 3. g3 c5 4. Bg2 Nc6 5. Nf3 d6 6. O-O h5 7. e3 Bg4 8. h3 Bd7
9. d4 Qc8 10. Kh2 Nf6 11. dxc5 dxc5 12. e4 Be6 13. Qd3 Ng4+ 14. hxg4 hxg4+ 15.
Nh4 Ne5 16. Qc2 Bxc4 17. Qa4+ Kf8 18. Rd1 b5 19. Qc2 Nf3+ 20. Kh1 Nxh4 21. gxh4
Rxh4+ 22. Kg1 Qc7 23. Ne2 Qh2+ 24. Kf1 Be5 25. Rd5 Kg7 26. Rxe5 Qxe5 27. Bd2
Qh5 28. Bc3+ f6 29. Ke1 Rh1+ 30. Bxh1 Qxh1+ 31. Kd2 Rd8+ 32. Ke3 Qf3# 0-1

[Event "Druga liga Srbije grupa Vojvodina 2011"]
[Site "Vrbas"]
[Date "2011.09.29"]
[Round "7.6"]
[White "Cerovic, Danilo"]
[Black "Vujadinovic, Goran"]
[Result "1/2-1/2"]
[WhiteElo "2305"]
[BlackElo "2370"]
[PlyCount "32"]
[EventDate "2011.09.25"]

1. e4 Nc6 2. d4 d6 3. Nc3 Nf6 4. Nge2 g6 5. f3 Bg7 6. Be3 e5 7. Qd2 O-O 8.
O-O-O d5 9. dxe5 Nxe5 10. Ng3 c6 11. exd5 Nxd5 12. Nxd5 cxd5 13. Bd4 Qh4 14. f4
Ng4 15. Bxg7 Kxg7 16. Bd3 Bd7 1/2-1/2

[Event "Druga liga Srbije grupa Vojvodina 2011"]
[Site "Vrbas"]
[Date "2011.09.29"]
[Round "7.6"]
[White "Kolognat, Petar"]
[Black "Elez, Nikola"]
[Result "1/2-1/2"]
[WhiteElo "2284"]
[BlackElo "2155"]
[PlyCount "25"]
[EventDate "2011.09.25"]

1. d4 d6 2. e4 Nf6 3. Nc3 e5 4. dxe5 dxe5 5. Qxd8+ Kxd8 6. Bc4 Be6 7. Bxe6 fxe6
8. Bg5 Nbd7 9. O-O-O Bd6 10. Bh4 Ke7 11. Nge2 h6 12. Rd2 a6 13. Bg3 1/2-1/2